000 00780nam a2200265 i 4500
001 15418
003 ES-MaACL
005 20230906151053.0
007 t|
008 000307s1999 sp ||||1| spa d
020 _a84-7432-692-3
080 _a159.922
080 _a165.1
100 1 _aChalmers, David J.
_937828
245 1 3 _aLa mente consciente
_b: en busca de una teoría fundamental /
_cpor David J. Chalmers.
250 _a1ª ed.
260 _aBarcelona :
_bGedisa,
_c1999.
300 _a523 p. ;
_c22 cm.
490 1 _aCiencias cognitivas. Serie CLA-DE-MA
650 4 _aConciencia.
_911241
650 4 _aEpistemología.
_912338
830 0 _aCiencias cognitivas. Serie CLA-DE-MA
_9228570
852 _aES-MaACL
_jL-22499
_bR.127818
999 _c15418
_d15418